<?xml version="1.0" encoding="UTF-8"?>
<collection xmlns="http://www.loc.gov/MARC21/slim">
<record>
  <controlfield tag="001">163384</controlfield>
  <controlfield tag="005">20251028143406.0</controlfield>
  <datafield tag="024" ind1="8" ind2=" ">
    <subfield code="2">innovaciondocente</subfield>
    <subfield code="a">5501</subfield>
  </datafield>
  <datafield tag="037" ind1=" " ind2=" ">
    <subfield code="a">INNODOC-2024-5501</subfield>
  </datafield>
  <datafield tag="041" ind1=" " ind2=" ">
    <subfield code="a">spa</subfield>
  </datafield>
  <datafield tag="100" ind1=" " ind2=" ">
    <subfield code="0">(orcid)0000-0001-9120-7768</subfield>
    <subfield code="a">Gutiérrez Sanz, María Rosa</subfield>
    <subfield code="e">coord.</subfield>
  </datafield>
  <datafield tag="245" ind1=" " ind2=" ">
    <subfield code="a">Estudio sobre la empleabilidad  e inserción laboral de los egresados  del Programa de Doctorado en Derechos Humanos y Libertades Fundamentales: propuestas para su mejora.</subfield>
  </datafield>
  <datafield tag="260" ind1=" " ind2=" ">
    <subfield code="a">Zaragoza</subfield>
    <subfield code="b">Universidad de Zaragoza</subfield>
    <subfield code="c">2024</subfield>
  </datafield>
  <datafield tag="520" ind1="3" ind2=" ">
    <subfield code="a">Con el desarrollo de este proyecto se trata de conocer si la obtención del titulo de doctor resulta de utilidad y en qué modo y medida influye en la carrera profesional de un/a egresado/a. La creatividad y la innovación que conlleva toda investigación (tesis doctoral) son elementos clave para el avance y desarrollo de las sociedades y para alcanzar un futuro sostenible. La creatividad abarca diversas expresiones incluida la resolución de problemas en un contexto socioeconómico, y la innovación se presenta como instrumento para el crecimiento económico.  Es un hecho estadísticamente demostrado que cuanto mayor es el nivel educativo de una persona, mejor inserción laboral va a conseguir. Tener un título de doctor según se desprende de los informes que constantemente aparecen en los medios, parece garantizar una mayor empleabilidad y una mejora en el empleo que ya se tiene. Sin embargo, en la actualidad aparecen testimonios que contradicen esta tendencia poniendo en duda la calidad y el valor real de las tesis doctorales planteando dudas sobre si realmente suponen una aportación original y significativa al avance del conocimiento. En tal sentido, planteamos la necesidad de un estudio serio y profundo, con datos fehacientes y contrastables  del fenómeno. Tal análisis es imprescindible para afrontar  la búsqueda, y  en su caso, la implementación de medidas encaminadas a aumentar la proyección de nuestros egresados a partir del conocimiento real de lo que ha supuesto en la practica la obtención del grado de doctor.</subfield>
  </datafield>
  <datafield tag="700" ind1=" " ind2=" ">
    <subfield code="0">(orcid)0000-0001-9125-1224</subfield>
    <subfield code="a">Boldova Marzo, Daniel Miguel</subfield>
  </datafield>
  <datafield tag="700" ind1=" " ind2=" ">
    <subfield code="a">Carrascon Concellon, Juan Jose</subfield>
  </datafield>
  <datafield tag="700" ind1=" " ind2=" ">
    <subfield code="0">(orcid)0000-0001-8562-1487</subfield>
    <subfield code="a">Menéndez Conca, Lucas Gabriel</subfield>
  </datafield>
  <datafield tag="700" ind1=" " ind2=" ">
    <subfield code="0">(orcid)0000-0002-6307-2365</subfield>
    <subfield code="a">Gamarra Chopo, Yolanda</subfield>
  </datafield>
  <datafield tag="856" ind1="4" ind2=" ">
    <subfield code="s">88343</subfield>
    <subfield code="u">http://zaguan.unizar.es/record/163384/files/memoria_PIET_2024_5501.pdf</subfield>
    <subfield code="y">Memoria del proyecto</subfield>
  </datafield>
  <datafield tag="970" ind1=" " ind2=" ">
    <subfield code="a">INNODOC-2024-5501</subfield>
  </datafield>
  <datafield tag="980" ind1=" " ind2=" ">
    <subfield code="a">INNODOC</subfield>
    <subfield code="b">PIET</subfield>
    <subfield code="c">PIET_2</subfield>
  </datafield>
</record>
</collection>